Parkway West

Owen Arneson, Kaplan Evans, Kailey Hartle, Ibrahim Hacking, Aristuto Paul, Anish Jindal


Current Events - U.S.120.00100%100%0%
Current Events - World316.67100%67%0%
Fine Arts - Film130.00100%100%100%
Fine Arts - Jazz110.00100%0%0%
Fine Arts - Music512.0080%20%20%
Fine Arts - Opera313.33100%33%0%
Fine Arts - Painting518.00100%40%40%
Fine Arts - Photography120.00100%100%0%
Fine Arts - Sculpture110.00100%0%0%
Geography - Europe130.00100%100%100%
Geography - United States120.00100%0%100%
Geography - World313.3367%67%0%
History - American518.00100%60%20%
History - Cross, Historiography, and Miscellaneous1113.64100%27%9%
History - European1121.82100%64%55%
History - World717.14100%43%29%
Literature - American1016.0090%60%10%
Literature - British1018.00100%70%10%
Literature - European822.50100%100%25%
Literature - World and Miscellaneous714.29100%43%0%
Other - Other Academic and General Knowledge516.00100%40%20%
RMP - Christian Practice110.00100%0%0%
RMP - East Asian Religion120.00100%100%0%
RMP - Greco-Roman Mythology225.00100%100%50%
RMP - Hebrew Bible110.00100%0%0%
RMP - Hinduism120.00100%100%0%
RMP - Islam110.00100%0%0%
RMP - Jewish Practice130.00100%100%100%
RMP - New Testament215.00100%50%0%
RMP - Philosophy417.50100%50%25%
RMP - World Mythology425.00100%75%75%
Science - Astronomy210.00100%0%0%
Science - Biology1016.0090%50%20%
Science - Chemistry813.75100%38%0%
Science - Computer Science215.00100%50%0%
Science - Earth415.00100%50%0%
Science - Engineering and Miscellaneous110.00100%0%0%
Science - Math215.00100%50%0%
Science - Physics613.33100%33%0%
Social Science - Anthropology120.00100%100%0%
Social Science - Economics220.00100%100%0%
Social Science - Other215.00100%50%0%
Social Science - Psychology110.00100%0%0%
Social Science - Sociology120.00100%100%0%